| 000 | 00343nam a22001577a 4500 | ||
|---|---|---|---|
| 003 | SGT | ||
| 020 | _a9788197414268 | ||
| 082 |
_a345.06 _bVIJ |
||
| 100 | _aVIJAYARAGHAVAN N | ||
| 245 | _aTHE BHARATIYA SAKSHYA ADHINIYAM 2023 | ||
| 250 | _a27 | ||
| 260 |
_aGURUGRAM _bLEXIS NEXIS _c2025 |
||
| 300 | _a1059 | ||
| 490 | _a1-2 | ||
| 942 |
_2ddc _cBK |
||
| 999 |
_c34092 _d34092 |
||